[Event "Bundesliga 2014/15"]
[Site "Bremen GER"]
[Date "2014.10.19"]
[Round "2.2"]
[White "Sune Berg Hansen"]
[Black "Daniil Dubov"]
[Result "1/2-1/2"]
[EventDate "2014.10.18"]
[WhiteElo "2572"]
[BlackElo "2627"]
[PlyCount "151"]

1. e4 e5 2. Nf3 Nc6 3. Bc4 Nf6 4. d3 Bc5 5. Bb3 O-O 6. O-O Nd4 7. Nxd4 Bxd4 8. Nd2 d6 9. c3 Bc5 10. Nf3 Qe7 11. Re1 Kh8 12. h3 Bb6 13. a4 a5 14. d4 Bd7 15. Bg5 Rad8 16. Bc2 Rg8 17. Be3 g5 18. g4 h5 19. Nh2 Nh7 20. Nf1 Nf8 21. Ng3 Ng6 22. Nxh5 Nf4 23. Ng3 Nxh3+ 24. Kg2 Nf4+ 25. Bxf4 gxf4 26. Nf5 Bxf5 27. exf5 Kg7 28. Rh1 Rh8 29. Qf3 Qg5 30. d5 Kf6 31. Rag1 Rxh1 32. Rxh1 Rg8 33. Be4 Ke7 34. Qh3 f3+ 35. Qxf3 Qxg4+ 36. Kf1 Qxf3 37. Bxf3 Kf6 38. Be4 Rg4 39. f3 Rg3 40. Rh2 Rg1+ 41. Ke2 Ra1 42. Kd3 Rxa4 43. Rh8 Ra1 44. Rb8 a4 45. Kc2 a3 46. bxa3 Rxa3 47. Kb2 Ra5 48. Kb3 Rb5+ 49. Kc4 Rc5+ 50. Kb3 Ba5 51. c4 b6 52. Rb7 Bd2 53. Rb8 Bh6 54. Kb4 Bg5 55. Kb3 Bd2 56. Rb7 Kg5 57. Rb8 f6 58. Kc2 Bf4 59. Kb3 Kh4 60. Kb4 Kg3 61. Kc3 Kf2 62. Kd3 Ke1 63. Ra8 b5 64. Ra1+ Kf2 65. Ra2+ Kg3 66. Rc2 b4 67. Rb2 Ra5 68. Rxb4 Ra3+ 69. Ke2 Re3+ 70. Kf1 Bg5 71. c5 Bh4 72. cxd6 cxd6 73. Rb2 Kf4 74. Kg2 Ra3 75. Re2 Rc3 76. Rc2 1/2-1/2

[Event "Bundesliga 2014/15"]
[Site "Bremen GER"]
[Date "2014.10.18"]
[Round "1.2"]
[White "Daniil Dubov"]
[Black "Marcin Szelag"]
[Result "1-0"]
[EventDate "2014.10.18"]
[WhiteElo "2627"]
[BlackElo "2456"]
[PlyCount "99"]

1. c4 g6 2. e4 d6 3. d4 Nf6 4. f3 Bg7 5. Ne2 O-O 6. Be3 a6 7. Nec3 e5 8. dxe5 dxe5 9. Qxd8 Rxd8 10. Nd5 Nxd5 11. cxd5 c6 12. Bb6 Re8 13. Nc3 Nd7 14. Be3 c5 15. g4 b6 16. g5 Bf8 17. h4 Bd6 18. h5 Rd8 19. Kd2 Bb7 20. a4 Rac8 21. Bc4 Nf8 22. Rh4 Be7 23. Kc2 Rd6 24. hxg6 Nxg6 25. Rh5 f6 26. gxf6 Bxf6 27. Ne2 Rf8 28. Rg1 Bg7 29. Ng3 Bc8 30. Nf5 Bxf5 31. exf5 Ne7 32. Bh6 Nxf5 33. Rxf5 Rxf5 34. Rxg7+ Kh8 35. Rg5 Rf7 36. Rh5 Rxf3 37. Bd2 b5 38. axb5 axb5 39. Bxb5 Rxd5 40. Bc6 Rxd2+ 41. Kxd2 Rb3 42. Kc2 Re3 43. Rh4 Kg7 44. Re4 Rh3 45. Rxe5 Rh2+ 46. Kc3 Rh3+ 47. Kc4 Rh2 48. Rg5+ Kf6 49. Rg2 Rh5 50. Bd5 1-0

[Event "World Blitz Championship"]
[Site "Dubai UAE"]
[Date "2014.06.20"]
[Round "12.14"]
[White "Daniil Dubov"]
[Black "Levon Aronian"]
[Result "0-1"]
[EventDate "2014.06.19"]
[WhiteElo "2614"]
[BlackElo "2815"]
[PlyCount "110"]

1. Nf3 Nf6 2. g3 d5 3. Bg2 c6 4. O-O Bf5 5. d3 e6 6. Nh4 Bg4 7. h3 Bh5 8. f4 Be7 9. Qe1 Na6 10. a3 Nc5 11. Nd2 O-O 12. Ndf3 Bxf3 13. Nxf3 a5 14. e3 Qb6 15. g4 Rfe8 16. g5 Nfd7 17. h4 Bd6 18. Qf2 Re7 19. h5 f5 20. gxf6 Nxf6 21. Qh4 Ncd7 22. Bh3 h6 23. Kh1 Rf8 24. Nd4 Rfe8 25. Rg1 Bc5 26. c3 Bxd4 27. exd4 Kh8 28. Rg2 Qb5 29. Rg3 Qb3 30. Be3 Qxb2 31. Rag1 Qe2 32. f5 Qxh5 33. Qxh5 Nxh5 34. Rf3 exf5 35. Bd2 f4 36. Bxf4 Nxf4 37. Rxf4 Nf6 38. Bf5 Re1 39. c4 Kg8 40. c5 Rxg1+ 41. Kxg1 Kf7 42. Rf2 g6 43. Bh3 Re3 44. Bc8 Rxd3 45. Bxb7 Rxd4 46. Bxc6 Ke7 47. Re2+ Re4 48. Rb2 Rc4 49. Rb7+ Kd8 50. Rf7 Ng4 51. Bxd5 Rc1+ 52. Kg2 Ne3+ 53. Kf3 Nxd5 54. Ke4 Rxc5 55. Ke5 Ne7+ 0-1

[Event "World Blitz Championship"]
[Site "Dubai UAE"]
[Date "2014.06.20"]
[Round "21.15"]
[White "Daniil Dubov"]
[Black "Yu Yangyi"]
[Result "1-0"]
[EventDate "2014.06.19"]
[WhiteElo "2614"]
[BlackElo "2675"]
[PlyCount "85"]

1. Nf3 d5 2. g3 Nf6 3. Bg2 c6 4. O-O Bf5 5. d3 e6 6. Nh4 Bg6 7. Qe1 Be7 8. e4 O-O 9. e5 Nfd7 10. Nxg6 hxg6 11. Nd2 c5 12. f4 Nc6 13. c3 b5 14. Nf3 Rc8 15. h4 a5 16. g4 b4 17. c4 dxc4 18. dxc4 Nd4 19. Qe4 Nb6 20. b3 a4 21. Rd1 Qc7 22. Nxd4 cxd4 23. Bb2 Nd7 24. Bxd4 Nc5 25. Qe3 Rfd8 26. Kh2 Rd7 27. Rd2 Rcd8 28. Rad1 axb3 29. axb3 Qc8 30. h5 Qc7 31. Kh1 Qb8 32. hxg6 fxg6 33. f5 gxf5 34. gxf5 exf5 35. Bd5+ Rxd5 36. cxd5 Rxd5 37. Bxc5 Rxc5 38. Rd8+ Bxd8 39. Qxc5 Bg5 40. Qd5+ Kh7 41. Kg2 Qb6 42. Qf3 Kg6 43. Rd6+ 1-0

[Event "World Blitz Championship"]
[Site "Dubai UAE"]
[Date "2014.06.19"]
[Round "1.20"]
[White "David Anton Guijarro"]
[Black "Daniil Dubov"]
[Result "1-0"]
[EventDate "2014.06.19"]
[WhiteElo "2631"]
[BlackElo "2614"]
[PlyCount "109"]

1. Nf3 Nf6 2. c4 c6 3. d4 d5 4. e3 Bg4 5. h3 Bxf3 6. Qxf3 e6 7. Nc3 Nbd7 8. Bd3 Bb4 9. cxd5 exd5 10. Bd2 O-O 11. g4 Re8 12. O-O-O Nf8 13. Kb1 Bxc3 14. Bxc3 Ne4 15. Rc1 a5 16. h4 a4 17. a3 Nd7 18. g5 Nb6 19. Bb4 Nc8 20. Qg2 f5 21. gxf6 Qxf6 22. f3 Ned6 23. e4 dxe4 24. fxe4 Qxd4 25. Rcd1 Qf6 26. Bc3 Qg6 27. Qc2 Nxe4 28. Ka1 Qe6 29. Bd4 Ncd6 30. Rhg1 Re7 31. Qg2 Nf6 32. Qc2 Rf8 33. h5 Qb3 34. Qb1 h6 35. Bc2 Qc4 36. Bd3 Qf7 37. Bg6 Qc4 38. Bd3 Qb3 39. Bc2 Qb5 40. Bd3 Qxh5 41. Rh1 Qg4 42. Bc3 Nde4 43. Bb4 c5 44. Ba5 Qe6 45. Rdg1 Kh8 46. Qc2 b6 47. Be1 Rd8 48. Bc4 Qf5 49. Bc3 Nd6 50. Bd3 Qe6 51. Qh2 Nf7 52. Bg6 Ng4 53. Rxg4 Qxg4 54. Bxf7 Qg5 55. Qxh6+ 1-0

[Event "World Blitz Championship"]
[Site "Dubai UAE"]
[Date "2014.06.19"]
[Round "3.26"]
[White "Ahmed Adly"]
[Black "Daniil Dubov"]
[Result "0-1"]
[EventDate "2014.06.19"]
[WhiteElo "2594"]
[BlackElo "2614"]
[PlyCount "115"]

1. d4 Nf6 2. Nf3 c5 3. e3 g6 4. Be2 Bg7 5. O-O O-O 6. dxc5 Qa5 7. a3 Qxc5 8. b4 Qc7 9. Bb2 b6 10. c4 Bb7 11. Nc3 d6 12. Rc1 Nbd7 13. Nd5 Qd8 14. Nc3 Rc8 15. Qb3 Re8 16. Rfd1 Qc7 17. Nd4 Qb8 18. Bf3 Bxf3 19. Nxf3 Qb7 20. Nd4 Ne5 21. Nd5 Ned7 22. Nb5 Nxd5 23. cxd5 Bxb2 24. Qxb2 a6 25. Nd4 Qxd5 26. Nc6 Qe6 27. Qd4 Nc5 28. Na7 Nb3 29. Rxc8 Rxc8 30. Qxb6 Qd5 31. Rf1 Rc1 32. Qxa6 Rxf1+ 33. Qxf1 Nd2 34. Qd1 Qa2 35. Nc6 Kf8 36. h3 Ne4 37. Qe1 Qxa3 38. f3 Nc3 39. Kh2 g5 40. Qg3 h6 41. Qg4 Nd5 42. Qd4 Nf6 43. b5 e5 44. Qd2 Qc5 45. Qa5 Qxe3 46. Qd8+ Kg7 47. Qxd6 Qf4+ 48. Kg1 Qc1+ 49. Kh2 Qf4+ 50. Kg1 Qe3+ 51. Kh2 Qf4+ 52. Kg1 Qc1+ 53. Kf2 Qb2+ 54. Kg1 e4 55. fxe4 Qxb5 56. e5 Ne4 57. Qd7 Qc5+ 58. Kh2 0-1

[Event "World Blitz Championship"]
[Site "Dubai UAE"]
[Date "2014.06.19"]
[Round "4.15"]
[White "Daniil Dubov"]
[Black "Arkadij Naiditsch"]
[Result "1-0"]
[EventDate "2014.06.19"]
[WhiteElo "2614"]
[BlackElo "2705"]
[PlyCount "91"]

1. Nf3 Nf6 2. g3 d5 3. Bg2 Bf5 4. O-O e6 5. d3 Be7 6. Nh4 Bg4 7. h3 Bh5 8. f4 Nfd7 9. Nf3 Bg6 10. Qe1 f5 11. Nc3 c5 12. e4 fxe4 13. dxe4 d4 14. f5 Bf7 15. fxe6 Bxe6 16. Nd5 O-O 17. Bf4 Nc6 18. Nc7 Bc4 19. Nxa8 Bxf1 20. Bxf1 Qxa8 21. e5 Nb6 22. Qe4 Qd8 23. c4 Qe8 24. Kg2 Qg6 25. Qxg6 hxg6 26. h4 Nb4 27. a3 Nc2 28. Rc1 Ne3+ 29. Bxe3 dxe3 30. Re1 Na4 31. b3 Nb6 32. Rxe3 a5 33. a4 Rd8 34. Bd3 Na8 35. Bxg6 Nc7 36. Rd3 Kf8 37. Rxd8+ Bxd8 38. Be4 b6 39. Bd5 Na6 40. Kf2 Nb4 41. Ke3 Bc7 42. Ke4 Nc2 43. Ng5 Bb8 44. Ne6+ Ke7 45. Nxg7 Nd4 46. Nf5+ 1-0

[Event "World Rapid Championship"]
[Site "Dubai UAE"]
[Date "2014.06.17"]
[Round "8.31"]
[White "Daniil Dubov"]
[Black "Ivan Sokolov"]
[Result "1-0"]
[EventDate "2014.06.16"]
[WhiteElo "2614"]
[BlackElo "2650"]
[PlyCount "53"]

1. c4 e5 2. e3 Nf6 3. Nc3 Bb4 4. Nge2 c6 5. a3 Ba5 6. b4 Bc7 7. Bb2 O-O 8. Ng3 Re8 9. c5 d5 10. cxd6 Bxd6 11. Bc4 b5 12. Bb3 e4 13. Qb1 Qe7 14. Bc2 Bxg3 15. hxg3 Bf5 16. f3 Bg6 17. fxe4 Nxe4 18. Nxe4 Bxe4 19. Rh4 Bg6 20. Bxg6 hxg6 21. Qc2 Nd7 22. O-O-O Nf8 23. Rdh1 f6 24. Kb1 Qe6 25. Rc1 Rac8 26. Rd4 Qf7 27. Qd3 1-0

[Event "Russian Team Championship"]
[Site "Loo RUS"]
[Date "2014.04.13"]
[Round "7.1"]
[White "Daniil Dubov"]
[Black "Sergei Movsesian"]
[Result "1/2-1/2"]
[EventDate "2014.04.07"]
[WhiteElo "2619"]
[BlackElo "2670"]
[PlyCount "87"]

1. d4 d5 2. c4 c6 3. e3 Nf6 4. Nf3 a6 5. Nc3 b5 6. b3 Bg4 7. Be2 Nbd7 8. h3 Bh5 9. O-O e6 10. Bb2 Bd6 11. Ne5 Bxe2 12. Nxe2 bxc4 13. bxc4 O-O 14. Nxd7 Nxd7 15. Qc2 Qc7 16. Rfc1 Rfc8 17. c5 Be7 18. Bc3 Rcb8 19. a4 Bd8 20. Nf4 Qb7 21. Rcb1 Qc8 22. Nd3 Rxb1+ 23. Rxb1 Rb8 24. Nb4 Rb7 25. Rb2 h6 26. Qd3 Nb8 27. Qb1 Kh8 28. g3 Bc7 29. Kg2 Bd8 30. g4 Bc7 31. Nd3 Rxb2 32. Qxb2 Nd7 33. Qe2 Kg8 34. Nb4 Nb8 35. Nd3 Nd7 36. Nb4 Nb8 37. Nd3 Qb7 38. Qc2 Nd7 39. Nc1 Nb8 40. Qb3 Qc8 41. Nd3 Nd7 42. Qb1 Bd8 43. Be1 Bc7 44. Bc3 1/2-1/2

[Event "Russian Team Championship"]
[Site "Loo RUS"]
[Date "2014.04.12"]
[Round "6.2"]
[White "Mikhail Kobalia"]
[Black "Daniil Dubov"]
[Result "1/2-1/2"]
[EventDate "2014.04.07"]
[WhiteElo "2633"]
[BlackElo "2619"]
[PlyCount "80"]

1. e4 c5 2. Nf3 e6 3. g3 Nc6 4. Bg2 Nf6 5. d3 Be7 6. O-O O-O 7. Re1 d6 8. c3 Ne5 9. d4 Nxf3+ 10. Qxf3 e5 11. dxe5 dxe5 12. Qe2 Be6 13. Na3 Nd7 14. Rd1 Qc7 15. Nc4 Rfd8 16. Ne3 c4 17. Nd5 Bxd5 18. Rxd5 Nb6 19. Rxd8+ Rxd8 20. Bf1 Qc6 21. Be3 g6 22. Rd1 Rxd1 23. Qxd1 Kg7 24. Bxb6 axb6 25. Qe2 b5 26. a4 bxa4 27. Qxc4 Qxc4 28. Bxc4 Bg5 29. Bb5 Bc1 30. Bxa4 Bxb2 31. c4 Bd4 32. Kg2 Kf6 33. Bd7 Ke7 34. Bc8 b6 35. Bb7 Bc5 36. Bc6 Bd4 37. Bb7 Bc5 38. Bc6 Bd4 39. Bb7 Bc5 40. Bc6 Bd4 1/2-1/2

[Event "Russian Team Championship"]
[Site "Loo RUS"]
[Date "2014.04.10"]
[Round "4.3"]
[White "Daniil Dubov"]
[Black "Artem Chernobay"]
[Result "0-1"]
[EventDate "2014.04.07"]
[WhiteElo "2619"]
[BlackElo "2501"]
[PlyCount "66"]

1. d4 Nf6 2. c4 e6 3. Nf3 c5 4. g3 cxd4 5. Nxd4 d5 6. Bg2 e5 7. Nc2 d4 8. O-O Nc6 9. Bg5 Be7 10. Nd2 O-O 11. Ne1 Be6 12. Bxf6 Bxf6 13. Nd3 Qc8 14. b4 Bh3 15. Bxh3 Qxh3 16. b5 Ne7 17. Ne4 Qf5 18. Ndc5 b6 19. Nd6 Qg6 20. Nce4 Bh4 21. f4 f5 22. fxe5 fxe4 23. Qxd4 Bxg3 24. hxg3 Qxg3+ 25. Kh1 Qh3+ 26. Kg1 Qg4+ 27. Kh1 Qxe2 28. Rxf8+ Rxf8 29. Qxe4 Qh5+ 30. Kg1 Qg5+ 31. Kh1 h6 32. Qg2 Qxe5 33. Rg1 Rf4 0-1

[Event "Russian Team Championship"]
[Site "Loo RUS"]
[Date "2014.04.09"]
[Round "3.4"]
[White "Daniil Dubov"]
[Black "Dmitry Kokarev"]
[Result "1-0"]
[EventDate "2014.04.07"]
[WhiteElo "2619"]
[BlackElo "2621"]
[PlyCount "49"]

1. d4 d5 2. c4 dxc4 3. Nf3 Nf6 4. e3 e6 5. Bxc4 c5 6. Qe2 a6 7. dxc5 Bxc5 8. O-O Nc6 9. a3 Bd6 10. Rd1 Qc7 11. Nbd2 O-O 12. b4 b5 13. Bb3 Bb7 14. Bb2 Rfd8 15. Rac1 Be7 16. Ng5 Rac8 17. h4 Qb8 18. f4 Qa7 19. f5 Nd5 20. Nf1 Bxg5 21. hxg5 Nce7 22. Rxc8 Bxc8 23. f6 gxf6 24. gxf6 Ng6 25. Qh5 1-0

[Event "Russian Team Championship"]
[Site "Loo RUS"]
[Date "2014.04.07"]
[Round "1.4"]
[White "Grigoriy Oparin"]
[Black "Daniil Dubov"]
[Result "1/2-1/2"]
[EventDate "2014.04.07"]
[WhiteElo "2542"]
[BlackElo "2619"]
[PlyCount "77"]

1. e4 c5 2. Nf3 d6 3. d4 cxd4 4. Qxd4 Nc6 5. Bb5 Bd7 6. Qd3 Nf6 7. c4 g6 8. Nc3 Bg7 9. O-O Rc8 10. Be3 O-O 11. h3 Be6 12. Bxc6 bxc6 13. Rad1 Nd7 14. b3 Qa5 15. Bd4 f6 16. Rfe1 Bf7 17. Be3 Rfd8 18. Bd2 Qa6 19. Be3 Bf8 20. Nh2 e5 21. f4 exf4 22. Bxf4 Ne5 23. Qg3 Qa5 24. Kh1 Re8 25. Rf1 Be6 26. Bd2 Qd8 27. Nf3 Nf7 28. Nd4 Bd7 29. Bf4 Qa5 30. Bd2 Qe5 31. Bf4 Qh5 32. Rd2 Be7 33. Rdd1 Kh8 34. Be3 Qa5 35. Bd2 Qe5 36. Bf4 Qh5 37. Be3 Qa5 38. Bd2 Qe5 39. Bf4 1/2-1/2

[Event "European Championship"]
[Site "Yerevan ARM"]
[Date "2014.03.14"]
[Round "11.46"]
[White "Daniil Dubov"]
[Black "Athanasios Mastrovasilis"]
[Result "1-0"]
[EventDate "2014.03.03"]
[WhiteElo "2618"]
[BlackElo "2554"]
[PlyCount "109"]

1. d4 d5 2. Nf3 Nf6 3. c4 dxc4 4. e3 Bg4 5. h3 Bh5 6. Nbd2 e6 7. g4 Bg6 8. Ne5 Nbd7 9. Nxg6 hxg6 10. Bg2 c6 11. Nxc4 Nb6 12. Ne5 Nfd7 13. Nd3 Bd6 14. Bd2 e5 15. dxe5 Nxe5 16. Nxe5 Bxe5 17. Qc2 Qe7 18. O-O-O O-O-O 19. Kb1 Nd5 20. g5 Kb8 21. h4 Rd7 22. Bh3 Rdd8 23. Bg4 Bc7 24. a3 Be5 25. Be2 Bc7 26. Bc4 Rd7 27. Bb3 Rhd8 28. Bc1 Bb6 29. Qc4 a6 30. Qg4 Ka7 31. Qf3 Bc5 32. Rhg1 b5 33. Rd3 b4 34. axb4 Nxb4 35. Rxd7+ Rxd7 36. Bc4 Qd8 37. h5 gxh5 38. Qxh5 Qa5 39. Rd1 Nd5 40. Qg4 Qd8 41. Rd3 Qe7 42. Qf5 g6 43. Qg4 Nb6 44. Rxd7+ Nxd7 45. Be2 Nb6 46. Bd2 f5 47. gxf6 Qxf6 48. Be1 Qf5+ 49. Kc1 Kb7 50. Qh4 Nd5 51. Qc4 Nc7 52. Bd3 Qg5 53. Be4 a5 54. Kc2 Kb6 55. Qa4 1-0

[Event "European Championship"]
[Site "Yerevan ARM"]
[Date "2014.03.13"]
[Round "10.56"]
[White "Aleksandra Goryachkina"]
[Black "Daniil Dubov"]
[Result "0-1"]
[EventDate "2014.03.03"]
[WhiteElo "2424"]
[BlackElo "2618"]
[PlyCount "77"]

1. d4 d5 2. c4 e6 3. Nf3 a6 4. e3 Nf6 5. Nbd2 Nbd7 6. Be2 b6 7. O-O Bb7 8. b3 g6 9. Qc2 Bg7 10. Ba3 Rc8 11. Rac1 c5 12. Bd3 O-O 13. Qb1 Re8 14. Rfd1 cxd4 15. exd4 Nb8 16. c5 Nc6 17. cxb6 Nd7 18. Bb2 Qxb6 19. Nf1 a5 20. Ne3 Ba6 21. Bxa6 Qxa6 22. Ba3 a4 23. Qd3 Ra8 24. b4 Reb8 25. Qd2 h5 26. Rb1 Na7 27. Bc1 Nb5 28. a3 Rc8 29. Bb2 Nf6 30. Rbc1 Ne4 31. Rxc8+ Rxc8 32. Qd3 Qb6 33. Kf1 Rc7 34. h3 Rc8 35. h4 Rc7 36. g3 Nbd6 37. Ne5 Bh6 38. Kg2 Bxe3 39. Qxe3 0-1

[Event "European Championship"]
[Site "Yerevan ARM"]
[Date "2014.03.12"]
[Round "9.45"]
[White "Daniil Dubov"]
[Black "Grigoriy Oparin"]
[Result "0-1"]
[EventDate "2014.03.03"]
[WhiteElo "2618"]
[BlackElo "2526"]
[PlyCount "118"]

1. d4 Nf6 2. c4 e6 3. Nf3 Bb4+ 4. Nbd2 b6 5. a3 Bxd2+ 6. Qxd2 Bb7 7. e3 O-O 8. Be2 d6 9. b4 Nbd7 10. Bb2 Qe7 11. Qc2 Be4 12. Qb3 a5 13. O-O c5 14. dxc5 dxc5 15. bxa5 Rxa5 16. Qc3 Rd8 17. Rfd1 Ne8 18. h4 h6 19. h5 Raa8 20. Rd2 Ndf6 21. Qe5 Rxd2 22. Nxd2 Bc6 23. Nf1 Rd8 24. Ng3 Qb7 25. f3 Rd2 26. Qc3 Rd8 27. e4 Nd7 28. Rd1 Qc7 29. e5 Nb8 30. Rb1 Ba4 31. Qe3 Bc2 32. Rf1 Nc6 33. f4 Nd4 34. Bg4 Qc6 35. Qf2 Qa4 36. Rc1 Bd3 37. f5 exf5 38. Nxf5 Nxf5 39. Bxf5 Bxf5 40. Qxf5 Nc7 41. Qf3 Ne6 42. Rf1 Rd7 43. Qe4 Rd1 44. Rxd1 Qxd1+ 45. Kf2 Qxh5 46. Bc1 Qd1 47. Be3 Qb3 48. Qa8+ Kh7 49. Qe4+ g6 50. Qf3 Qc2+ 51. Kg3 Kg7 52. Qf6+ Kg8 53. Bxh6 Qxc4 54. Kh2 Qc3 55. Bg5 c4 56. Bh4 Qxa3 57. Qf1 g5 58. Bf2 b5 59. Be1 Qe3 0-1

[Event "European Championship"]
[Site "Yerevan ARM"]
[Date "2014.03.11"]
[Round "8.61"]
[White "Sergey Grishchenko"]
[Black "Daniil Dubov"]
[Result "0-1"]
[EventDate "2014.03.03"]
[WhiteElo "2431"]
[BlackElo "2618"]
[PlyCount "46"]

1. d4 Nf6 2. Nf3 e6 3. c4 b6 4. a3 Bb7 5. Nc3 d5 6. cxd5 Nxd5 7. Qc2 Nxc3 8. bxc3 Be7 9. e4 O-O 10. Bd3 c5 11. O-O Qc8 12. Qe2 Ba6 13. Rd1 Bxd3 14. Rxd3 Nd7 15. Bf4 Qa6 16. Ne5 Nxe5 17. Bxe5 f6 18. Bg3 cxd4 19. cxd4 Rac8 20. Qd2 Rfd8 21. h3 Rc4 22. Rd1 Qc8 23. Qe3 Bf8 0-1

[Event "European Championship"]
[Site "Yerevan ARM"]
[Date "2014.03.10"]
[Round "7.47"]
[White "Giga Quparadze"]
[Black "Daniil Dubov"]
[Result "1-0"]
[EventDate "2014.03.03"]
[WhiteElo "2507"]
[BlackElo "2618"]
[PlyCount "93"]

1. e4 c5 2. Nf3 d6 3. d4 cxd4 4. Nxd4 Nf6 5. Nc3 Nc6 6. g3 Bg4 7. f3 Bd7 8. Be3 g6 9. Qd2 Bg7 10. g4 Rc8 11. O-O-O Ne5 12. h4 h6 13. Be2 Nc4 14. Bxc4 Rxc4 15. Kb1 Qc8 16. Nde2 b5 17. Nf4 b4 18. Ncd5 Nxd5 19. Nxd5 e6 20. b3 exd5 21. bxc4 Bc3 22. Qxd5 O-O 23. Bd4 Be6 24. Qa5 Qxc4 25. Bxc3 bxc3 26. Ka1 Rc8 27. Rxd6 Rc5 28. Qxa7 Rb5 29. Rd4 Qc8 30. Rb1 Qc6 31. Qa4 Rxb1+ 32. Kxb1 Qc7 33. Qb4 Kh7 34. a4 Qh2 35. Qxc3 Qxh4 36. Kb2 h5 37. Rb4 Qg3 38. gxh5 gxh5 39. Rb5 Qg6 40. Qe5 h4 41. a5 Bc4 42. Qh5+ Qh6 43. Qxh6+ Kxh6 44. Rb6+ Kg7 45. a6 h3 46. a7 h2 47. Rh6 1-0

[Event "European Championship"]
[Site "Yerevan ARM"]
[Date "2014.03.08"]
[Round "6.9"]
[White "Daniil Dubov"]
[Black "Baadur Aleksandrovich Jobava"]
[Result "0-1"]
[EventDate "2014.03.03"]
[WhiteElo "2618"]
[BlackElo "2716"]
[PlyCount "86"]

1. d4 Nf6 2. c4 c5 3. d5 e6 4. Nc3 exd5 5. cxd5 d6 6. Nf3 g6 7. h3 Bg7 8. e4 O-O 9. Bd3 Na6 10. O-O Nc7 11. a4 a6 12. Bf4 Rb8 13. a5 b5 14. axb6 Rxb6 15. Ra2 Nb5 16. Ne2 Re8 17. Nd2 Rb8 18. Bh2 h5 19. Kh1 h4 20. f4 Nc7 21. Nc3 Rb4 22. Qf3 Nb5 23. Bxb5 axb5 24. e5 Nh5 25. Nde4 dxe5 26. fxe5 Bf5 27. d6 Bxe5 28. Bxe5 Rxe5 29. Ra8 Qxa8 30. Nf6+ Nxf6 31. Qxa8+ Kg7 32. Qa1 Rb3 33. Re1 Rxe1+ 34. Qxe1 b4 35. Na4 c4 36. Kh2 Rg3 37. Nc5 c3 38. bxc3 bxc3 39. Qe5 c2 40. d7 c1=Q 41. d8=Q Qg5 42. Qa8 Qd2 43. Qc6 Kh7 0-1

[Event "European Championship"]
[Site "Yerevan ARM"]
[Date "2014.03.07"]
[Round "5.6"]
[White "Pavel Eljanov"]
[Black "Daniil Dubov"]
[Result "1/2-1/2"]
[EventDate "2014.03.03"]
[WhiteElo "2723"]
[BlackElo "2618"]
[PlyCount "144"]

1. d4 Nf6 2. Nf3 g6 3. c4 Bg7 4. Nc3 d5 5. e3 O-O 6. cxd5 Nxd5 7. Bc4 e6 8. O-O c5 9. Bxd5 cxd4 10. exd4 exd5 11. Bg5 Qd6 12. Qd2 Nc6 13. Nb5 Qd7 14. Rfe1 b6 15. Bh6 Ba6 16. Nc3 Rfe8 17. Bxg7 Kxg7 18. Qg5 Rxe1+ 19. Rxe1 Rd8 20. h4 f6 21. Qe3 Qd6 22. h5 g5 23. b4 Nxb4 24. Nxg5 Kg8 25. h6 Rf8 26. Nf3 Kf7 27. Rb1 Nc6 28. Nb5 Bxb5 29. Rxb5 Re8 30. Qd3 Re4 31. Nd2 Re1+ 32. Nf1 Kg8 33. Qf3 Ne7 34. Qg4+ Ng6 35. Qc8+ Kf7 36. Rb3 Re8 37. Qc2 Qf4 38. Rf3 Qxd4 39. Ne3 Qa1+ 40. Kh2 Qe5+ 41. Rg3 d4 42. Nf5 Re6 43. Ng7 Rd6 44. Qc7+ Ne7 45. Qb8 Ng6 46. f4 Qe7 47. f5 Rd8 48. fxg6+ hxg6 49. Qf4 Rh8 50. Nf5 Qc5 51. Nxd4 g5 52. Qe3 Rxh6+ 53. Kg1 Rh4 54. Ne2 Qxe3+ 55. Rxe3 Ra4 56. a3 b5 57. Kf2 a5 58. Rb3 b4 59. axb4 Rxb4 60. Rxb4 axb4 61. Nd4 Kg6 62. Ke3 f5 63. Kf3 Kf6 64. Kf2 Kg6 65. Ke2 Kf6 66. g3 Kg6 67. Kf2 Kf6 68. Kf3 Kg6 69. Nb3 Kf6 70. Nc5 Kg6 71. Nb3 Kf6 72. Nd4 Kg6 1/2-1/2

[Event "European Championship"]
[Site "Yerevan ARM"]
[Date "2014.03.06"]
[Round "4.8"]
[White "Daniil Dubov"]
[Black "Yuriy Kryvoruchko"]
[Result "1/2-1/2"]
[EventDate "2014.03.03"]
[WhiteElo "2618"]
[BlackElo "2706"]
[PlyCount "85"]

1. d4 Nf6 2. c4 e6 3. Nc3 Bb4 4. e3 O-O 5. Ne2 Re8 6. a3 Bf8 7. d5 a5 8. Ng3 Na6 9. Be2 Nc5 10. b3 exd5 11. cxd5 Bd6 12. Bb2 Be5 13. O-O d6 14. Qc2 Bg4 15. f3 Bd7 16. f4 Bxc3 17. Qxc3 Qe7 18. Rf3 Bg4 19. e4 Qf8 20. Bd3 Rxe4 21. Rf2 Nxd5 22. Qc2 Ne3 23. Qb1 Re7 24. Bxh7+ Kh8 25. h3 Bd7 26. f5 f6 27. Bg6 Be8 28. Bd4 Kg8 29. Rf3 Bxg6 30. fxg6 Qe8 31. Kf2 Nd5 32. Qf5 Re5 33. Bxe5 dxe5 34. Qh5 Qe6 35. Nf5 Ne4+ 36. Kg1 Ng5 37. h4 Nxf3+ 38. gxf3 Kf8 39. Rd1 Qg8 40. Qg4 Qe6 41. Qh5 Qg8 42. Qg4 Qe6 43. Qh5 1/2-1/2

[Event "European Championship"]
[Site "Yerevan ARM"]
[Date "2014.03.05"]
[Round "3.2"]
[White "Daniil Dubov"]
[Black "Laurent Fressinet"]
[Result "1/2-1/2"]
[EventDate "2014.03.03"]
[WhiteElo "2618"]
[BlackElo "2709"]
[PlyCount "81"]

1. d4 Nf6 2. c4 g6 3. Nc3 d5 4. Bg5 Bg7 5. Bxf6 Bxf6 6. cxd5 c6 7. e4 cxd5 8. exd5 O-O 9. Nge2 e6 10. dxe6 Bxe6 11. d5 Bd7 12. Ng3 Qb6 13. Qd2 Bd4 14. Bc4 Re8+ 15. Kf1 Na6 16. Rd1 Bg7 17. d6 Rac8 18. Bd5 Nc5 19. h4 Rcd8 20. h5 Be6 21. hxg6 hxg6 22. Bf3 Bc4+ 23. Kg1 Re6 24. Nce4 Nxe4 25. Nxe4 Bb5 26. Rh4 Bc6 27. Qg5 Bxe4 28. Rxe4 Rxe4 29. Bxe4 Rxd6 30. Rxd6 Qxd6 31. Qd5 Qxd5 32. Bxd5 Bxb2 33. Bxb7 Kg7 34. Bd5 Bd4 35. Kf1 Bb6 36. Ke2 Bd4 37. Bb3 Bb6 38. Bc4 Bc5 39. Bd5 Bb6 40. Bb3 Bc5 41. Kf3 1/2-1/2

[Event "European Championship"]
[Site "Yerevan ARM"]
[Date "2014.03.04"]
[Round "2.35"]
[White "Kirill Stupak"]
[Black "Daniil Dubov"]
[Result "0-1"]
[EventDate "2014.03.03"]
[WhiteElo "2498"]
[BlackElo "2618"]
[PlyCount "76"]

1. Nf3 d6 2. d4 g6 3. g3 Bg7 4. Bg2 f5 5. O-O Nf6 6. b3 O-O 7. Bb2 c6 8. c4 Qc7 9. Qc2 Na6 10. Nbd2 Bd7 11. a3 Rae8 12. b4 e5 13. dxe5 dxe5 14. e4 c5 15. b5 Nb8 16. Rfe1 f4 17. Nb1 Bg4 18. Nc3 Nbd7 19. h3 Bxf3 20. Bxf3 Nb6 21. g4 h5 22. gxh5 Qf7 23. Nd5 Nbxd5 24. cxd5 gxh5 25. Kh2 Kh7 26. Rg1 Rg8 27. Qe2 Bh6 28. Rxg8 Rxg8 29. Bxe5 Ng4+ 30. hxg4 Qe7 31. Bb2 Qh4+ 32. Kg1 hxg4 33. Kf1 Qh3+ 34. Bg2 Qb3 35. Be5 f3 36. Qb2 fxg2+ 37. Kxg2 Qh3+ 38. Kg1 g3 0-1

[Event "European Championship"]
[Site "Yerevan ARM"]
[Date "2014.03.03"]
[Round "1.58"]
[White "Daniil Dubov"]
[Black "Bogdan-Daniel Deac"]
[Result "1-0"]
[EventDate "2014.03.03"]
[WhiteElo "2618"]
[BlackElo "2322"]
[PlyCount "117"]

1. d4 Nf6 2. Nf3 d5 3. c4 e6 4. g3 Bb4+ 5. Bd2 Be7 6. Bg2 Nbd7 7. Qc2 O-O 8. O-O c6 9. Rd1 b6 10. Ne5 Bb7 11. cxd5 cxd5 12. Nc6 Bxc6 13. Qxc6 Rc8 14. Qb5 Ne8 15. Qd3 Nd6 16. Nc3 f5 17. Be1 Nf6 18. f3 Qd7 19. b3 Rc6 20. e3 Rfc8 21. Ne2 Bf8 22. h3 Nf7 23. g4 g6 24. Bh4 Be7 25. Rac1 Rxc1 26. Rxc1 Rxc1+ 27. Nxc1 Ne8 28. Be1 Nc7 29. Qc2 Nd8 30. Nd3 Nc6 31. Bf1 a5 32. Qg2 Kh8 33. h4 Bd6 34. h5 Ne8 35. Bh4 Be7 36. Bf2 Bd6 37. hxg6 hxg6 38. e4 fxe4 39. fxe4 Qf7 40. e5 Bf8 41. Be3 Kg8 42. Ne1 Bb4 43. Nf3 Be7 44. Bd3 Nc7 45. a4 Bd8 46. Qh3 Qh7 47. Qf1 Qf7 48. Kg2 Ne8 49. Qc1 Nb4 50. Bb1 Nc7 51. Bh6 Qe8 52. Bg5 Bxg5 53. Qxg5 Nc6 54. Bxg6 Qd7 55. Qf6 Qg7 56. g5 Ne7 57. Bd3 Ne8 58. Qxe6+ Qf7 59. Qxb6 1-0

[Event "Bundesliga 2013/14"]
[Site "Hamburg GER"]
[Date "2014.02.23"]
[Round "10"]
[White "Daniil Dubov"]
[Black "Alexander Areshchenko"]
[Result "1/2-1/2"]
[EventDate "2013.10.12"]
[WhiteElo "2641"]
[BlackElo "2714"]
[PlyCount "50"]

1. d4 Nf6 2. c4 g6 3. g3 c6 4. Bg2 d5 5. Qa4 Nfd7 6. Qc2 dxc4 7. Qxc4 Nb6 8. Qd3 Bg7 9. Nf3 Bf5 10. Qa3 Qd6 11. Bf4 Qxa3 12. Nxa3 Be4 13. O-O-O N8d7 14. Ne1 Bxg2 15. Nxg2 Nd5 16. Kb1 Nxf4 17. Nxf4 e5 18. dxe5 Nxe5 19. Nd3 O-O-O 20. Nxe5 Bxe5 21. Kc2 b5 22. Nb1 Kc7 23. f4 Bg7 24. e4 a5 25. Nc3 a4 1/2-1/2